| 000 | 00622nam a2200169 a 4500 | ||
|---|---|---|---|
| 001 | 000031840 | ||
| 005 | 20200930063224.0 | ||
| 008 | 110526s1973 dr 000 | spa d | ||
| 040 |
_aDO-SdBNP _bspa _cBNPHU |
||
| 082 |
_axxx _bF825r |
||
| 100 | 1 |
_aFranco, Franklin J. _919014 |
|
| 245 | 1 | 0 |
_aRaza e ideología en los problemas de nuestra identidad / _cFranklin J. Franco. |
| 260 |
_aSanto Domingo : _bUniversidad Autónoma de Santo Domingo, _c1973. |
||
| 300 |
_a25 p. ; _c28 cm. |
||
| 500 | _aI coloquio sobre la presencia de África en las Antillas y en el Caribe del 26 de julio al 4 de agosto de 1973. | ||
| 049 | _aBNPD | ||
| 999 |
_c31332 _d31332 |
||